Hospitals the journal of the American Hospital Association.
| Nuevo Título: | Hospital statistics (American Hospital Association : Online) AHA guide to the health care field (Online) Hospitals & health networks (Online) |
|---|---|
| Título anterior: | American Hospital Association. Bulletin of the American Hospital Association American Hospital Association. American hospital directory |
| Autor Corporativo: | |
| Formato: | Electrónico Revista |
| Lenguaje: | inglés |
| Publicado: |
Chicago, Ill. :
The Association
|
| Materias: | |
| Acceso en línea: | Full text available from Research Library: 03/05/1988 to 05/20/1993 |
MARC
| LEADER | 00000nas a2200000 a 4500 | ||
|---|---|---|---|
| 001 | ssj0001674 | ||
| 003 | WaSeSS | ||
| 005 | 20200512172242.0 | ||
| 006 | m d | ||
| 007 | cr n | ||
| 008 | 050614d19361993ilusr pssr 0 a0eng c | ||
| 010 | |a 2008201949 | ||
| 022 | |a 1943-5177 |l 0018-5973 |y 0018-5973 | ||
| 035 | |a (WaSeSS)ssj0001674 | ||
| 037 | |b American Hospital Association, 29th Floor, Chicago, IL 60606 | ||
| 040 | |a OCLCS |b eng |c OCLCS |d GAO |d DLC |d OCLCQ |d OCLCF |d OCLCO |d OCLCQ |d OCLCO |d OCLCQ |d OCLCA |d MOW |d OCLCO |d NTG |d AU@ |d OCLCO |d WYU |d OCLCO |d U3W |d OCLCO |d OCLCA |d WaSeSS | ||
| 042 | |a pcc |a nsdp | ||
| 043 | |a n-us--- |a n-cn--- | ||
| 050 | 1 | 4 | |a RA960 |
| 060 | 4 | |a W1 |b HO934 | |
| 082 | 1 | 0 | |a 362 |2 14 |
| 130 | 0 | |a Hospitals (Chicago, Ill. : 1936 : Online) | |
| 222 | 0 | |a Hospitals |b (Chicago, Ill. 1936. Online) | |
| 245 | 1 | 0 | |a Hospitals |h [electronic resource] : |b the journal of the American Hospital Association. |
| 260 | |a Chicago, Ill. : |b The Association | ||
| 310 | |a Semimonthly, |b 1956-1993 | ||
| 321 | |a Monthly, |b 1936-1955 | ||
| 362 | 1 | |a Print began with v. 10, no. 1 (Jan. 1936); ceased with v. 67, no. 10 (May 20, 1993). | |
| 500 | |a Includes Hospital news of the month. | ||
| 500 | |a Imprint varies: Chicago, Ill. : American Hospital Pub. for the American Hospital Association, <Mar. 1, 1983-> | ||
| 500 | |a Vols. for 1949-1970 include one issue per year (i.e., the June issue of 1949-1954, the Aug. issue of 1955, and the first issue in Aug. of 1956-1970)--that is issued in 2 parts (pt. 2 called: Administrators guide issue, 1951-1955; pts. 1 and 2 called: Guide issue, 1956-1970). The 2nd pt. includes a list of hospitals in United States and Canada (formerly issued under title: American hospital directory) and other information. | ||
| 506 | |a License restrictions may limit access. | ||
| 538 | |a Mode of access: World Wide Web. | ||
| 580 | |a Quarterly issues for Mar. 1, 1983- issued with: MULTIs. | ||
| 580 | |a Pt. 1 of Aug. issue, continued in 1971 by: Hospital statistics (American Hospital Association); Pt. 2 of August issue, continued in 1972 by: AHA guide to the health care field. | ||
| 588 | |a Description based on print version record. | ||
| 650 | 0 | |a Hospitals |v Periodicals. | |
| 650 | 0 | |a Hospitals |z United States |v Periodicals. | |
| 650 | 0 | |a Hospitals |z Canada |v Periodicals. | |
| 650 | 7 | |a Hospitals. |2 fast |0 (OCoLC)fst00961166 | |
| 650 | 2 | |a Hospitals |v Periodicals. | |
| 650 | 2 | |a Hospitals. | |
| 651 | 7 | |a Canada. |2 fast |0 (OCoLC)fst01204310 | |
| 651 | 7 | |a United States. |2 fast |0 (OCoLC)fst01204155 | |
| 655 | 0 | |a Electronic journals. | |
| 710 | 2 | |a American Hospital Association. | |
| 776 | 1 | |t Hospitals (Chicago, Ill. : 1936) |x 0018-5973 |w (DLC) 43004821 |w (OCoLC)1752305 | |
| 777 | 1 | |t MULTIs | |
| 780 | 0 | 0 | |a American Hospital Association. |t Bulletin of the American Hospital Association |
| 780 | 0 | 5 | |a American Hospital Association. |t American hospital directory |g 1949 |
| 785 | 1 | 1 | |t Hospital statistics (American Hospital Association : Online) |
| 785 | 1 | 1 | |t AHA guide to the health care field (Online) |
| 785 | 0 | 0 | |t Hospitals & health networks (Online) |x 1943-5169 |w (DLC) 2008201943 |w (OCoLC)39031199 |
| 856 | 4 | 0 | |z Full text available from Research Library: 03/05/1988 to 05/20/1993 |u https://search.proquest.com/publication/40795 |